00456nam a22001457a 4500082001800000100003000018245009700048260002700145300002200172526001900194700002600213700002700239700002500266710001900291 aP-827cSyn-28 aMaj Muhammad Adnan Hanif  aEnhancement of cyclic performance of masonry structures using various confining techniques  aRisalpur,bMCE,c2019. a49p.bill.c30cm. a0b0c0dP_827 aImam Ul Huda Muhammad aMaj Dr Muhammad Rizwan aUsama Muhammad Altaf aMuhammad Aslam